000 003610000a22001570004500
001 001028
003 MACL
040 _aMACL
090 _c1028
_d1028
100 _aSingh, Chitralekha
245 _aHindu Manners, Customs and Ceremonies
_cChitralekha Singh
260 _aCrest Publishing House,
_c2000
350 _a85
650 _aReligion
942 _k295
_cBook
999 _c1024
_d1024